Country Names Containing a Letter - Z - Statistics

General Stats
  • This quiz has been taken 580 times
  • The average score is 12 of 15
Answer Stats
Hint Answer % Correct
1 x Z Zambia
99%
1 x Z Zimbabwe
99%
1 x Z Azerbaijan
89%
1 x Z Mozambique
88%
1 x Z Uzbekistan
85%
1 x Z Kazakhstan
83%
1 x Z Kyrgyzstan
81%
1 x Z Brazil
80%
1 x Z Tanzania
79%
1 x Z Venezuela
79%
1 x Z Belize
77%
1 x Z Czech Republic
73%
1 x Z New Zealand
72%
1 x Z Switzerland
72%
1 x Z Bosnia and Herzegovina
63%
No matching quizzes found
Score Distribution
Percent of People with Each Score
Percentile by Number Answered
Your Score History
You have not taken this quiz